Hombres en el Tibet: segunda expedicion Guibaut-Liotard al Tibet

Gardado en:
Detalles Bibliográficos
Autor Principal: Guibaut, André (Author)
Formato: Libro
Idioma:Lingua castelá
Publicado: Barcelona Hispano-Europea 1954
Series:Colección Herakles. Serie 5, Exploraciones y viajes
Subjects:
Tags: Engadir etiqueta
Sen Etiquetas, Sexa o primeiro en etiquetar este rexistro!

MARC

LEADER 00000nam a2200000 a 4500
001 UCI0988
003 CL-VaPUC
008 070608e19540000SP |||||||||||||||||spa|d
082 0 4 |a 950  |b GUI  |2 21 
100 0 |a Guibaut, André  |e author  |9 521271 
245 1 0 |a Hombres en el Tibet: segunda expedicion Guibaut-Liotard al Tibet 
300 |a 252 p 
942 |c BK 
945 |d 20070608 00:00:00  |a jtorresc 
260 |a Barcelona  |b Hispano-Europea  |c 1954 
650 0 |a Vida intelectual  |9 265379 
650 0 |a Civilización   |9 255823 
650 0 |a Enseñanza de la geografía  |9 310005 
650 0 |a Civilización   |9 255823 
650 0 |a Enseñanza de la geografía  |9 310005 
651 7 |a TIBET  |2 CL-VaPUC  |9 324206 
651 0 |a China   |9 257545 
583 |a last modification  |c 20070608 00:00:00  |k Rodrigo Vera 
490 0 |a Colección Herakles. Serie 5, Exploraciones y viajes 
999 |c 325938  |d 325936 
952 |0 0  |1 0  |4 0  |6 950_000000000000000_GUI_1954  |7 0  |8 A  |9 407455  |a BIBGIM  |b BIBGIM  |d 2019-11-22  |i 4278054  |o 950 GUI 1954  |p 4278054  |r 2025-01-15  |w 2019-11-22  |y BK  |k ORI